000 00342nam a22001457a 4500
003 SGT
082 _a617.69
_bP24B
100 _aBiswal, Sarojini
245 _aPartial Bonded restorations
260 _aGurugram, Harynana
_bSGT University
_c2024
300 _a127
650 _aProsthodontics
653 _aProsthodontics
942 _2ddc
_cTH
999 _c25619
_d25619